| 000 | 00000nam 2200000zi 4500 |
| 001 | 9.947427 |
| 003 | CaOODSP |
| 005 | 20250303103444 |
| 006 | m o d f |
| 007 | cr |n||||||||| |
| 008 | 250127s1954 onca ob f000 0 eng d |
| 040 | |aCaOODSP|beng|erda|cCaOODSP |
| 043 | |an-cn-sn |
| 086 | 1 |aA52-291/1954E-PDF |
| 086 | 1 |zA51-69E-PDF |
| 100 | 1 |aStevenson, T. M., |eauthor. |
| 245 | 10|aForage Crops Division, Forage Crops Laboratory, Saskatoon, Saskatchewan : |bprogress report, 1949-1953 / |cT. M. Stevenson, W. J. White. |
| 264 | 1|aOttawa, Canada : |bMinister of Agriculture, |c[1954] |
| 300 | |a1 online resource (43 pages) : |billustrations |
| 336 | |atext|btxt|2rdacontent |
| 337 | |acomputer|bc|2rdamedia |
| 338 | |aonline resource|bcr|2rdacarrier |
| 500 | |aDigitized edition from print [provided by Agriculture and Agri-Food Canada]. |
| 504 | |aIncludes bibliographical references (pages 42-43). |
| 610 | 25|aForage Crops Laboratory (Saskatoon, Sask.) |
| 650 | 0|aForage plants|xBreeding|zSaskatchewan|zSaskatoon. |
| 650 | 6|aPlantes fourrageĢres|xAmélioration|zSaskatchewan|zSaskatoon. |
| 650 | 0|aForage plants|xVarieties|zSaskatchewan|zSaskatoon|xTesting. |
| 650 | 6|aPlantes fourrageĢres|xVariétés|zSaskatchewan|zSaskatoon|xEssais. |
| 710 | 2 |aForage Crops Laboratory (Saskatoon, Sask.), |eissuing body. |
| 710 | 1 |aCanada. |bForage Crops Division, |eissuing body. |
| 710 | 1 |aCanada. |bExperimental Farms Service, |eissuing body. |
| 856 | 40|qPDF|s9.15 MB|uhttps://publications.gc.ca/collections/collection_2024/aac-aafc/A51-69-1949-2-eng.pdf |
| 986 | |a5M-19290-1-55 |